| 000 | 00684nam a22001697a 4500 | ||
|---|---|---|---|
| 999 |
_c9887 _d9887 |
||
| 008 | 180720b ||||| |||| 00| 0 eng d | ||
| 082 |
_22018 _aUT 0899 _bC35 |
||
| 100 |
_929211 _aCatacutan, Azzileah R. |
||
| 245 |
_aStimulating the relations of personality scale and dimensions of need scale using structural equation model / _cAzzileah R. Catacutan, Ana Grace R. Mondigo, Irene L. Almacin |
||
| 260 |
_aDigos City: _bUMDC _cMarch 2018 |
||
| 300 |
_a86 pages; _b29 cm. |
||
| 650 | 0 |
_929215 _aBS Psychology _vPsychology _xUndergraduate thesis. |
|
| 700 |
_929216 _aCatacutan, Azzileah R. |
||
| 700 |
_929217 _aMondigo, Ana Grace R. |
||
| 700 |
_929218 _aAlmacin, Irene L. |
||
| 942 |
_2ddc _cUT |
||